General Knowledge 7 - Statistics

General Stats
  • This quiz has been taken 50 times
  • The average score is 6 of 10
Answer Stats
No. Question Answer % Correct
6 Who is known as the "Fastest Man Alive" in athletics? Usain Bolt
98%
1 Which U.S. state is known as the "Sunshine State"? Florida
94%
2 Who was the leader of the Soviet Union during World War II? Joseph Stalin
92%
8 What is the world's largest social media platform by users? Facebook
79%
5 In which year was the first "Star Wars" movie released? 1977
69%
10 What is the name of the main character in "Breaking Bad"? Walter White
58%
7 Who wrote the opera "The Magic Flute"? Wolfgang Amadeus Mozart
54%
4 What is the name of the hobbit in J.R.R. Tolkien's "The Hobbit"? Bilbo Baggins
52%
3 What is the speed of light in a vacuum (in km/s)? 299792
23%
9 What type of pastry is used in a croissant? Puff pastry
8%
No matching quizzes found
Score Distribution
Percent of People with Each Score
Percentile by Number Answered
Your Score History
You have not taken this quiz